Markets (Record no. 83106)

MARC details
000 -LEADER
fixed length control field 01205cab a22002175a 4500
001 - CONTROL NUMBER
control field L152825
008 - FIXED-LENGTH DATA ELEMENTS--GENERAL INFORMATION
fixed length control field 110504e20110421xxk 000 0 eng d
035 ## - SYSTEM CONTROL NUMBER
System control number (Sirsi) u152825
041 0# - LANGUAGE CODE
Language code of text/sound track or separate title eng
100 1# - MAIN ENTRY--PERSONAL NAME
Personal name Hatcher, David
245 00 - TITLE STATEMENT
Title Markets
Remainder of title ports, airports and rail freight
260 ## - PUBLICATION, DISTRIBUTION, ETC.
Date of publication, distribution, etc. 2011
490 ## - SERIES STATEMENT
Series statement Property Week
Volume/sequential designation 77(16), 21 April 2011, 41-46(4)
520 ## - SUMMARY, ETC.
Summary, etc. Arcus Infrastructure Partners £586.7m takeover of Forth Ports is to complete in May 2011. Tesco signals its unwillingness to pay more for distribution shed sites with sustainability features such as rail freight terminals. The larger UK airports seem to be recovering from the recession and attractive growth prospects are set to return. Air freight traffic at Heathrow has increased by 15% year on year with up to 1.47 m tonnes of freight going in and out of the airport in 2010. Prime rents at Heathrow are now £24/sq ft within the perimeter and £12 sq ft just outside.
590 ## - LOCAL NOTE (RLIN)
Local note KA
651 #4 - SUBJECT ADDED ENTRY--GEOGRAPHIC NAME
Geographic name United Kingdom
Chronological subdivision
690 ## - LOCAL SUBJECT ADDED ENTRY--TOPICAL TERM (OCLC, RLIN)
Topical term or geographic name as entry element PROPERTY-COMMERCIAL PROPERTY-COMMERCIAL PROPERTY MARKET
690 ## - LOCAL SUBJECT ADDED ENTRY--TOPICAL TERM (OCLC, RLIN)
Topical term or geographic name as entry element PROPERTY-COMMERCIAL PROPERTY-COMMERCIAL PROPERTY FINANCE AND INVESTMENT
700 1# - ADDED ENTRY--PERSONAL NAME
Personal name Smith, Nick
942 ## - ADDED ENTRY ELEMENTS (KOHA)
Suppress in OPAC 0
Holdings
Withdrawn status Lost status Source of classification or shelving scheme Damaged status Not for loan Home library Current library Shelving location Date acquired Total Checkouts Full call number Barcode Date last seen Copy number Price effective from Koha item type
    Dewey Decimal Classification     London London Journal article 04/05/2011   L152825 152825-1001 06/08/2019 1 06/08/2019 Journal article